<?xml version="1.0" encoding="UTF-8"?>
<record
    xmlns:xsi="http://www.w3.org/2001/XMLSchema-instance"
    xsi:schemaLocation="http://www.loc.gov/MARC21/slim http://www.loc.gov/standards/marcxml/schema/MARC21slim.xsd"
    xmlns="http://www.loc.gov/MARC21/slim">

  <leader>00866cam a22002411  4500</leader>
  <controlfield tag="001">he 68000946 </controlfield>
  <controlfield tag="003">DLC</controlfield>
  <controlfield tag="005">20260227111456.0</controlfield>
  <controlfield tag="008">940517s1967    is abch       000 0 hebr </controlfield>
  <datafield tag="010" ind1=" " ind2=" ">
    <subfield code="a">he 68000946 </subfield>
  </datafield>
  <datafield tag="035" ind1=" " ind2=" ">
    <subfield code="a">(OCoLC)30450809</subfield>
  </datafield>
  <datafield tag="040" ind1=" " ind2=" ">
    <subfield code="a">DLC</subfield>
    <subfield code="c">CU</subfield>
    <subfield code="d">CU</subfield>
    <subfield code="d">DLC</subfield>
  </datafield>
  <datafield tag="042" ind1=" " ind2=" ">
    <subfield code="a">premarc</subfield>
  </datafield>
  <datafield tag="050" ind1="0" ind2="0">
    <subfield code="a">DS127</subfield>
    <subfield code="b">.S53</subfield>
  </datafield>
  <datafield tag="245" ind1="0" ind2="0">
    <subfield code="a">Mil&#x1E25;emet sheshet ha-yamim =</subfield>
    <subfield code="b">The six-day war = La guerre des six jours. 26. be-Iyar-2. be-Si&#x1E7F;an 727, 5.-10. 6. 1967.</subfield>
    <subfield code="c">[ha-&#x2BB;Orekh: Naftali Arbel.</subfield>
  </datafield>
  <datafield tag="260" ind1=" " ind2=" ">
    <subfield code="a">Tel-Aviv]</subfield>
    <subfield code="b">M. Mizra&#x1E25;i</subfield>
    <subfield code="c">[1967]</subfield>
  </datafield>
  <datafield tag="300" ind1=" " ind2=" ">
    <subfield code="a">320 p.</subfield>
    <subfield code="b">(chiefly illus., facsims., maps, ports.)</subfield>
    <subfield code="c">31 cm.</subfield>
  </datafield>
  <datafield tag="501" ind1=" " ind2=" ">
    <subfield code="a">In case, as issued, with Mil&#x1E25;amah &#x1E7F;e-nitsa&#x1E25;on. [Tel-Aviv] M. Mizra&#x1E25;i [1967]</subfield>
  </datafield>
  <datafield tag="650" ind1=" " ind2="0">
    <subfield code="a">Israel-Arab War, 1967</subfield>
    <subfield code="v">Pictorial works.</subfield>
  </datafield>
  <datafield tag="740" ind1="0" ind2=" ">
    <subfield code="a">Six-day war.</subfield>
  </datafield>
  <datafield tag="740" ind1="0" ind2=" ">
    <subfield code="a">Guerre des six jours.</subfield>
  </datafield>
  <datafield tag="700" ind1="1" ind2=" ">
    <subfield code="a">Arbel, Naftali.</subfield>
  </datafield>
  <datafield tag="999" ind1=" " ind2=" ">
    <subfield code="c">33158</subfield>
    <subfield code="d">33158</subfield>
  </datafield>
</record>
